000 00955nas a2200337 4500
001 BR2015004433
003 BR-BrBNA
005 20231205125606.0
007 ta
008 230509b bl.|||p| |||| 00| 00por d
040 _aBR-BrBNA
_bpor
_cBiblioteca Nacional de Agricultura
041 _a(Pt)
072 _aL74; L70
100 1 _aMagalhães, J.F. de
100 1 _aCosta, G.M.J.
100 1 _aOliveira, C.A. de
100 1 _aCorrêa, M.G.
100 1 _aRocha Júnior, S. da S.
100 1 _aBeier, S.L.
100 1 _aMendes, H.M.F.
100 1 _aAlves, G.E.S.
100 1 _aFaleiros, R.R.
245 1 _aMonorquidismo em um equino marchador
650 _aEQUINO
650 _aDISTÚRBIO FISIOLÓGICO
650 _aDIAGNÓSTICO
650 _aVETERINÁRIA
773 0 _tCiência Rural (Brazil)
_xISSN 0103-8478
_g(Jun 2015), v. 45(6) p. 1058-1061
_wBR2015004433
909 _a202311
_bLúcia
_c55
_dLúcia Elande
942 _2AGRIS
_n0
_cANA
999 _c245080
_d245080